Представление документа в формате RUSMARC

ПолеНазваниеЗначение
  Тип записи a
  Библиографический уровень m
001 Контрольный номер UONB/MAIN/00f7a518166042ac8733f061bdff0159
005 Дата корректировки 20260512132936.1
010 Индекс ISBN __
d Цена 95 к.
9 Тираж 50000 экз.
100 Данные общей обработки __
a Данные общей обработки 20260512d1983 u y0rusy0189 ca
101 Язык документа 0_
a Язык текста rus
102 Страна публикации __
a Страна публикации RU
105 Кодированные данные (монография) __
a Кодированные данные (монография) a z 000yy
200 Заглавие и сведения об ответственности 1_
a Заглавие Элементарная теория музыки
f Первые сведения об ответственности Л. Э. Красинская, В. Э. Уткин
203 Вид содержания и тип средства __
a Вид содержания Текст
b Характеристика содержания визуальный
c Тип средства непосредственный
205 Сведения об издании __
a Основные сведения об издании 3-е изд., перераб. и доп.
210 Выходные данные 1_
a Место издания Москва
c Издательство Музыка
d Дата издания 1983
215 Физическое описание __
a Объем 299 с.
c Иллюстрации/тип воспроизводства ил., нот. ил.
d Формат 21 см
606 Тематические рубрики 0_
a Основная рубрика Музыка теория
610 Ключевые слова 0_
a Ключевые слова музыка теория
686 Индексы других классификаций __
a Классификационный индекс 85.310.50
2 Код системы rubbk
700 Автор _1
a Фамилия Красинская
b Имя (инициалы) Л. Э.
g Полное личное имя Лия Эммануиловна
701 Альтернативная интеллектуальная ответственность _1
a Фамилия Уткин
b Имя (инициалы) В. Э.
g Полное личное имя Валентин Эммануилович
801 Источник записи _0
a Страна RU
b Организация Ульяновская ОНБ
c Дата составления 20260512
g Правила каталогизации RCR
801 Источник записи _1
a Страна RU
b Организация Ульяновская ОНБ
c Дата составления 20260512
g Правила каталогизации RCR
901 Тип документа __
t Тип документа m
909 Создатель записи __
a Создатель записи Пазекова
b Дата создания записи 20260512